000 aam a22 a 4500
999 _c1981
_d1981
003 AKMAL
005 20170526111123.0
008 1705 s1983 us a a 00 eng d
020 _a0395357152
040 _aAKMAL
_cAKMAL
082 0 4 _a351.009 SCH
_219
090 0 0 _a351.009
_bSCH
100 1 _aSchnitzer, Martin
_94092
245 1 0 _aContemporary government and business relations /
_cMartin Schnitzer
250 _a3rd ed
260 _aBoston :
_bHoughton Mifflin,
_cc1983
300 0 0 _axviii, 500 p. :
_bill. ;
_c25 cm
504 _aIncludes bibliographies and index
650 0 _aIndustry and state
_zUnited States
_94093
942 _2ddc
_cBOOK